| 000 | 00598nam a2200217Ia 4500 | ||
|---|---|---|---|
| 999 |
_c41105 _d41105 |
||
| 001 | 7755 | ||
| 003 | GE_BSU | ||
| 005 | 20221116112353.0 | ||
| 008 | 181216s2009en xx |||||||||||||| ||eng|| | ||
| 020 | _a9781420092905 x | ||
| 040 | _cGE_BSU | ||
| 041 | _aeng | ||
| 080 | _a622.338 K-31 | ||
| 100 |
_aKelland,Malcolm A. _914747 |
||
| 245 |
_aProduction Chemicals for The oil and Indusry / _cMalcolm A. Kelland |
||
| 264 |
_aBocaraton : _bCRC Press, _c2009. |
||
| 300 |
_a437 p. ; _c2cm. |
||
| 653 | _aProduction Chemicals for The oil and Indusry | ||
| 653 | _aქიმია | ||
| 942 |
_cBK _2udc |
||